00814nam a2200229 a 450000100100000000500170001000800410002702000150006804000250008308200210010810000510012924500690018025000110024926000370026030000260029749000140032350000730033783000230041004900090043395201250044299900170056700002193420200930011518.0100914s1973 sp r 000 0 spa d a8471561409 aDO-SdBNPbspacBNPHU aNNNbS942R, 19731 aRumazo González, Alfonso,d1903-2002.94551610aSucre :bGran mariscal de ayacucho /cAlfonso Rumazo González. a4a ed. aMadrid :bMediterráneo,c1973. a267, [5] p. ;c19 cm.1 aEdimev57 aIncluye notas y referencias bibliográficas al pie de las páginas 0aEdime ;v57912783 aBNGR 001054708MOaGRbGRcCTd2010-09-14iLF1l0oNNN S942R, 1973p21934-10r2020-06-25w2020-06-25y4ZPréstamo en sala c21432d21432